Từ điển toán học và tin học Anh-Việt

Đã lưu trong:
Sonraí Bibleagrafaíochta
Formáid: Neamhaithnid
Teanga:English
Foilsithe: 2003
Ábhair:
Clibeanna: Cuir Clib Leis
Gan Chlibeanna, Bí ar an gcéad duine leis an taifead seo a chlibeáil!
Thư viện lưu trữ: Mạng thư viện Đại học Đà Nẵng
LEADER 00957ca a2200277 4500
001 000032392
003 8479
005 20151021000000.0
008 151002s2003 000 eng
041 |a eng 
082 |a 423  |b NG-B 
245 |a Từ điển toán học và tin học Anh-Việt  |c Nguyễn Văn Biển 
260 |c 2003 
650 |a Từ điển toán học và tin học Anh-Việt,Nguyễn Văn Biển, toán học, tin học 
852 |b Chuyên đề  |c Từ điền 1 
OWN |a LNN 
AVA |a UDN50  |b LNN  |d 423 NG-B  |e available  |t Error 5001 Not defined in file expand_doc_bib_avail.  |f 2  |g 0  |h N  |i 0 
999 |a From the UDN01 
AVA |a UDN50  |b LNN  |d 423 NG-B  |e available  |t Error 5001 Not defined in file expand_doc_bib_avail.  |f 2  |g 0  |h N  |i 0 
980 |a Mạng thư viện Đại học Đà Nẵng